LEADER 01567nam a2200349 i 4500 001 000000253053 003 CaOOAMICUS 005 20221021083641.0 008 170222s2016 gw u000 u ger u 013 $a231958 020 $a978-3-8436-0863-3 020 $a978-3-7887-3101-4 040 $aSeMil$bita 100 1 $aVögtle, Anton,$d<1910-1996>.$0(OLS)http://semarc/name/120 245 14$aDer Judasbrief, der 2. Petrusbrief /$cAnton Voegtle. 250 $a1. Aufl. der Studienausgabe 2016 260 $aGöttingen :$bVandenhoeck & Ruprecht,$c2016. 260 $aOstfildern :$bPatmos,$c2016. 300 $aXXII, 282 p. ;$c21 cm. 490 1 $aEKK = Evangelisch-Katholischer Kommentar zum Neuen Testament ;$v22. 650 4$aBibbia - NT - Giuda.$0(OLS)http://semarc/subject/6009 650 4$aBibbia - NT - Lettere di Pietro 1-2.$0(OLS)http://semarc/subject/5487 830 0$aEKK = Evangelisch-Katholischer Kommentar zum Neuen Testament ;$v22.$0(OLS)http://semarc/title/60 850 $aSeMil 852 $aSeMil$W1$xVenegono$y1$m2YA A 22/A$j256935$B203399$CSeMilBibl$Z2$F216178 $81 961 $aSottoscrizione: Casa editrice 996 $6020$a978-3-8436-0863-3$9(OLS)http://semarc/number/275603 996 $6020$a978-3-7887-3101-4$9(OLS)http://semarc/number/275604 996 $6245$aDer Judasbrief, der 2. Petrusbrief$9(OLS)http://semarc/title/59861 996 $6260$aOstfildern :$bPatmos$9(OLS)http://semarc/publisher/39303 996 $6260$aGöttingen :$bVandenhoeck & Ruprecht$9(OLS)http://semarc/publisher/29697 LEADER 01485nam a2200301 i 4500 001 000000166690 003 CaOOAMICUS 005 20071115000000.0 008 071115s1978 it u000 u ita u 013 $a144059 040 $aSeMil$bita 100 1 $aLindars, Barnabas .$0(OLS)http://semarc/name/22308 240 10$aTémoignage de l'évangile de Jean : pour une histoire de Jésus.$0(OLS)http://semarc/title/238260 245 13$aIl messaggio di Giovanni :$btradizione e teologia /$cB. Lindars, B. Rigaux ; [Traduzione delle Benedettine di S. Maria di Rosano]. 260 $aMilano :$bVita e Pensiero,$cCopyr. 1978. 300 $a188 p. ;$c20 cm. 490 0 $aFede e mondo moderno ;$v4 500 $aContiene : Nota Bibliografica. - Fondo Card. Giovanni Colombo. 650 4$aBibbia. Nuovo Testamento. Vangelo secondo Giovanni - Commentari, studi, critica, interpretazioni.$0(OLS)http://semarc/subject/119 700 1 $aBenedettine .$0(OLS)http://semarc/name/9810 700 1 $aRigaux, Bčda.$0(OLS)http://semarc/name/21651 830 0$aFede e mondo moderno ;$v4.$0(OLS)http://semarc/title/6939 850 $aSeMil 852 $aSeMil$W1$xVenegono$y1$m2V I 269$j117853$B117853$CSeMilBibl$Z2$F129300 $81 941 1 $a3 961 $aLascito: Colombo Card. Giovanni 996 $6245$aIl messaggio di Giovanni :$btradizione e teologia$9(OLS)http://semarc/title/238259 996 $6260$aMilano :$bVita e Pensiero$9(OLS)http://semarc/publisher/29642